00594nam a2200193Ia 4500003000400000005001700004008004100021020000800062040001700070082001600087100001800103245008000121260002600201300000900227650002800236942000900264952011200273999001500385IIN20240125121932.0231217s9999 xx 000 0 und d aNil aIINbEnglish a610.73bGHO1 aGhosh, Jharna1 aCumulative Practical Record Book: bfor B.Sc Nursing StudentscJharna Ghosh bNexgenaKolkatac2021 a52p.1 aRecord BookvPractical  cBOOK 00102ddc40708Gift BookaIINbIINd2023-12-17l0o610.73 GHOpD11r2023-12-17 21:32:41w2023-12-17yBOOK c1637d1637